00577nam a22001697a 450000500170000001000130001702000260003003500120005603700160006808200080008410000300009224500920012224600600021426000530027427000590032730000210038620220816103258.0 aUR-11669 a9789391238551c200.00 aU-10224 bDBAD/PUBa- a841 aلطیف احمد خا ں aعز یز بگھر وی :bایک انقلا بی شاعر /cلطیف احمد خا ں aAziz Baghrawi: Ek Inqilabi Shair /bby Latif Ahmad Khan aNew DelhibEducational Publishing Housec2021 ء aH.O. D1/16, Ansari Road, Darya GanjbNew Delhie110002 a112 صc23cm(Hb)